00753nam a2200229Ia 4500003000400000005001700004008004100021020002200062040000700084041000800091082002200099100002500121245005300146260004000199300001700239365001400256650002200270906005200292942001200344999001900356952014800375OSt20230517161407.0210423s2014 xx 000 0 und d a978-81-261-6176-8 cAL aeng a540.72 223bKUMR aKUMAR (Uday)9107235 aResearch methodology and techniques in chemistry aNew DelhibAnmol Publicationsc2014 aviii,336bHB b1800cINR aChemistry9107236 achemistry ; methodology ; Research ; techniques 2ddccBK c166638d166638 001040708ACaSACPGbSACPGd2015-03-17eKiran Book Centreg1800.00l1o540.72 KUMRpPG013139r2022-08-24 00:00:00s2021-10-05w2021-04-26yBK